000 00611nam a2200181Ia 4500
008 151018s9999 xx 000 0 und d
082 _bRBASDV50020
_a891.463
100 _aश्याम भुर्के
245 _aखुमासदार अत्रे
250 _b2
260 _bसन पब्लिकेशन्स पुणे
_c2002
300 _a160
600 _aश्याम भुर्के
630 _aखुमासदार अत्रे
700 _aश्याम भुर्के
730 _aखुमासदार अत्रे
942 _cBOOK
999 _c1049006
_d1049003